000 00468nam a2200181Ia 4500
003 GCL
008 140319s9999 xx 000 0 ara d
040 _aGCL /
_cGCL
082 0 4 _a956.6
_bا د
100 1 _aانيس فريحة
245 1 0 _aدراسات فى التاريخ /
_cانيس فريحة
300 _a304
490 _a100 قصة
_v0
650 0 4 _aتاريخ
650 0 4 _aلبنان
650 0 4 _aالفلكلور اللبنانى
942 _2ddc
_cBK
999 _c43869
_d43869